000 003860000a22000970004500
100 1 _aZvi, Ehud Ben
245 1 0 _aObservations on the marital metaphor of YHWH and Israel in its ancient israelite context : General considerations and particular images in Hosea 1.2
300 _aVol. 28, Núm 3 (2004), Páginas 363-384
773 0 _tJournal for the Study of the Old Testament
942 _cANA
999 _c54926
_d54926